Your guide to investment trading : With special reference to Singapore and Malaysia

Đã lưu trong:
Bibliografiske detaljer
Hovedforfatter: King, Rodney
Format: Bog
Sprog:Undetermined
Udgivet: Singapore Bradford Press 1996
Fag:
Tags: Tilføj Tag
Ingen Tags, Vær først til at tagge denne postø!
Thư viện lưu trữ: Trung tâm Học liệu Trường Đại học Cần Thơ
LEADER 00541nam a2200193Ia 4500
001 CTU_105554
008 210402s9999 xx 000 0 und d
082 |a 332.673 
082 |b K52 
100 |a King, Rodney 
245 0 |a Your guide to investment trading : 
245 0 |b With special reference to Singapore and Malaysia 
245 0 |c Rodney King 
260 |a Singapore 
260 |b Bradford Press 
260 |c 1996 
650 |a Investment analysis 
904 |i Nguyên 
980 |a Trung tâm Học liệu Trường Đại học Cần Thơ